| Tag |
First Indicator |
Second Indicator |
Subfields |
| LEADER |
00000cam a2200000 4500 |
| 001 |
in00000076397 |
| 005 |
20151008052704.0 |
| 008 |
740513s1959 nyu 00000 eng u |
| 010 |
|
|
|a 59004134
|
| 035 |
|
|
|a (OCoLC)00883803
|
| 035 |
|
|
|9 AAH4471AM
|
| 040 |
|
|
|c CSU
|d TXA
|d UtOrBLW
|
| 049 |
|
|
|a TXAM
|c [315045]
|
| 050 |
0 |
0 |
|a JK201
|b .Q9
|
| 082 |
1 |
|
|a 342.733
|
| 092 |
|
|
|a 342.733
|b Q9c
|
| 100 |
1 |
|
|a Quynn, Russell Hoover.
|
| 245 |
1 |
4 |
|a The Constitutions of Abraham Lincoln and Jefferson Davis :
|b a historical and biographical study in contrasts.
|
| 250 |
|
|
|a [1st ed.].
|
| 264 |
|
1 |
|a New York :
|b Exposition Press,
|c [1959]
|
| 300 |
|
|
|a 304 pages ;
|c 21 cm.
|
| 336 |
|
|
|a text
|b txt
|2 rdacontent
|
| 337 |
|
|
|a unmediated
|b n
|2 rdamedia
|
| 338 |
|
|
|a volume
|b nc
|2 rdacarrier
|
| 490 |
0 |
|
|a An Exposition-banner book
|
| 500 |
|
|
|a "An earlier version of part three of this book was issued separately...in 1956 under the title A comparative study of the United States Constitution and the Constitution of the Confederate States of America."
|
| 600 |
1 |
0 |
|a Lincoln, Abraham,
|d 1809-1865.
|
| 600 |
1 |
0 |
|a Davis, Jefferson,
|d 1808-1889.
|
| 650 |
|
0 |
|a Constitutional history
|z United States.
|
| 651 |
|
0 |
|a Confederate States of America
|x Constitutional history.
|
| 710 |
1 |
|
|a United States.
|t Constitution.
|
| 710 |
1 |
|
|a Confederate States of America.
|t Constitution.
|
| 999 |
|
|
|a MARS
|
| 999 |
f |
f |
|s 21810ae6-f946-3512-b34f-fef323925810
|i a279943e-ec5b-3892-9bae-96fce83f9a40
|t 0
|
| 952 |
f |
f |
|p ric
|a Texas A&M University
|b Rellis Campus
|c Joint Library Facility
|d Remote Storage
|t 0
|e JK201 .Q9
|h Library of Congress classification
|i unmediated -- volume
|m A14800789300
|
| 998 |
f |
f |
|a JK201 .Q9
|t 0
|l Remote Storage
|